| 000 | 01609nam0a2200325 4500 | ||
|---|---|---|---|
| 001 | RU\NLR\b_ik\153625 | ||
| 005 | 20250616230045.0 | ||
| 035 | _a(NLR Aleph) 002226640 | ||
| 090 |
_a3371461 _c3371461 |
||
| 100 | _a20061110d2006 |||y0rusy50 ca | ||
| 101 | 0 |
_aeng _drus |
|
| 102 | _aRU | ||
| 105 | _aa ||||||||| | ||
| 200 | 1 |
_aMeasurements of spatial dose distributions of proton beam with the use of radiochromic films _fM. Mumot, G.V. Mytsin, A.G. Molokanov |
|
| 210 |
_aДубна _cJoint inst. for nuclear research _d2006 |
||
| 215 |
_a8, [1] с. _cил. _d22 |
||
| 225 | 1 |
_aСообщения Объединенного института ядерных исследований, Дубна _vЕ18-2006-62 |
|
| 300 | _aНа 3-й с. обл.: Измерения распределения доз протонного пучка с использованием радиохромных пленок / Мумот М., Мицын Г.В., Молоканов А.Г. | ||
| 300 | _aРез. на рус. яз. | ||
| 320 | _aБиблиогр. в конце кн. (7 назв.) | ||
| 517 | 0 | _aИзмерения распределения доз протонного пучка с использованием радиохромных пленок | |
| 606 | 1 |
_aПротонная терапия _xДозиметрия _9986196 _3RU\NLR\AUTH\66371904 |
|
| 686 | 4 | _aР362 | |
| 700 | 1 |
_aMumot _bM. _4070 |
|
| 701 | 1 |
_aMicyn _bG. V. _gGennadij Valentinovič _4070 |
|
| 701 | 1 |
_aMolokanov _bA. G. _gAleksandr Grigor'evič _4070 |
|
| 801 | 0 |
_aRU _bNLR _c20061110 _gPSBO |
|
| 942 | _cBOOK | ||
| 980 | _aNB | ||